El retorno de la alegría manual del voluntario

Este manual es una adaptación de una metodología diseñada por Unicef en otros países también afectados por el conflicto armado. Es un instrumento dirigido a maestros y jóvenes voluntarios de las regiones.

保存先:
書誌詳細
第一著者: Neves, Angelina
フォーマット: 図書
言語:Spanish
出版事項: Bogotá: Inicef, 1997
主題:
オンライン・アクセス:Enlace del recurso
タグ: タグ追加
タグなし, このレコードへの初めてのタグを付けませんか!

MARC

LEADER 00000nam a2200000 a 4500
001 001119
008 030613s1997 ck a fr# #000|0#spa#d
041 0 |a spa 
043 |a s-ck--- 
100 1 |a Neves, Angelina 
245 1 3 |a El retorno de la alegría manual del voluntario  |c Angelina Neves 
260 |a Bogotá:  |b Inicef,  |c 1997 
300 |a 34 p.:  |b il., gráf. 
520 3 |a Este manual es una adaptación de una metodología diseñada por Unicef en otros países también afectados por el conflicto armado. Es un instrumento dirigido a maestros y jóvenes voluntarios de las regiones. 
650 1 4 |a VIOLENCIA JUVENIL  |z COLOMBIA 
650 1 4 |a VIOLENCIA EN NIÑOS  |z COLOMBIA 
999 |c 3271  |d 3271 
856 |u https://catalogo.idep.edu.co/cgi-bin/koha/opac-detail.pl?biblionumber=3271  |z Enlace del recurso